Matičné motanice

Bibliographic Details
Format: Article
Language:Slovak
ISSN:0862-5999
Subjects:

MARC

LEADER 00000nab a2200000 a 4500
001 vtls000786006
003 SK-MaSNL
005 20260304112242.0
008 250429c2001 xo 0 slo
015 |a SNBRB2002/03-08730 
035 |a CLN000137663 
035 |a urn:nbn:sk:snk-abagrc 
035 |a (urnnbn)urn:nbn:sk:snk:ar-008pdi 
035 |a (uuid)e8312ab6-0bde-4b54-a435-eb83fb2db8f0 
040 |a SNKBUCL  |b slo  |c SNKBUCL  |e AACR2 
041 0 |a slo 
044 |a xo  |c SK 
080 |a 061.25(437.6)  |2 1997 
080 |a 061.61(437.6)  |2 1997 
245 0 0 |a Matičné motanice 
505 1 |a Kde je pes zakopaný / Pavol Parenička -- Pľujte, no dejiny to vidia! / Viliam Komora ml. -- Matičná kauza v novej réžii / Dušan Katuščák 
610 2 7 |a Matica slovenská  |2 snkbucl  |9 14662 
655 7 |a články z novín a časopisov  |2 snkbucl  |9 267496 
773 0 |t Kde je pes zakopaný  |t Pľujte, no dejiny to vidia!  |t Matičná kauza v novej réžii  |t Literárny týždenník  |g Roč. 14, č. 38 (2001), s. 5  |x 0862-5999 
850 |a Slovenská národná knižnica 
852 |a Slovenská národná knižnica 
954 |a odborná, vedecká literatúra pôvodná (slovenská)  |2 lita 
958 |a article14 
958 |a OND 
958 |a MS 
958 |a SK 
958 |a EUIPO 
992 |a RBX 
999 |c 2864913  |d 2866843